Pamätná strieborná minca k 150. výročiu narodenia Jozefa Škultétyho

Národná banka Slovenska pripravila v roku 2003 emisiu pamätnej striebornej mince pri príležitosti 150. výročia narodenia Jozefa Škultétyho, popredného predstaviteľa slovenského národného hnutia.

Enregistré dans:
Détails bibliographiques
Auteur principal: Flaché, Dagmar
Format: Chapitre de livre
Langue:slovaque
Sujets:
Tags: Ajouter un tag
Pas de tags, Soyez le premier à ajouter un tag!

MARC

LEADER 00000naa$a2200000$$$4500
001 0001880
005 20220317083511.7
041 0 |a slo 
044 |a SK 
245 1 0 |a Pamätná strieborná minca k 150. výročiu narodenia Jozefa Škultétyho  |c Dagmar Flaché 
520 |a Národná banka Slovenska pripravila v roku 2003 emisiu pamätnej striebornej mince pri príležitosti 150. výročia narodenia Jozefa Škultétyho, popredného predstaviteľa slovenského národného hnutia. 
610 2 0 |a mince 
610 2 0 |a emisia 
610 2 0 |a Slovensko 
610 2 0 |a NBS Bratislava 
610 2 0 |a Škultéty, J. 
100 1 |a Flaché, Dagmar